000 00269nam a22000977a 4500
008 240216b |||||||| |||| 00| 0 eng d
082 _aN STER EJ.1
100 1 0 _aStevenson, Sir Steve
_eautor
_943423
245 _aEl retrato sin nombre /
_cSir Steve Stevenson
942 _2ddc
999 _c30586
_d16970